| 000 | 00431nmm a2200157Ia 4500 | ||
|---|---|---|---|
| 008 | 251105s9999||||xx |||||||||||||||||und|| | ||
| 020 | _a9789659115112 | ||
| 041 | _aeng | ||
| 100 | _aMalkin, Yaakov | ||
| 245 | 0 | _aEpicurus and apikorsim | |
| 264 |
_a[Madrid, España] : _bBiblioteca Judáica, _c2007 |
||
| 300 | _a169 páginas | ||
| 650 | _aReligion(s) | ||
| 856 | _uhttps://public.digitaliapublishing.com/a/6362 | ||
| 942 | _cCF | ||
| 999 |
_c96719 _d96719 |
||